| 000 | 00572nam a2200217 i 4500 | ||
|---|---|---|---|
| 001 | bgj | ||
| 100 | 1 |
_aBRADFORD, Richard _d(1932- ) |
|
| 245 | 1 | 0 |
_aRed Sky at Morning / _cRichard Bradford. |
| 260 |
_aNew York : _bHarper & Row Publishers, _c1986. |
||
| 300 |
_a256 pp ; _c21 cm. |
||
| 650 | 9 |
_aWorld War, 1939-1945 _zNew Mexico |
|
| 650 | 9 |
_aYoung men _zNew Mexico |
|
| 650 | 9 | _aWar stories | |
| 655 | _aFiction | ||
| 020 | _a0060913614 | ||
| 040 | _cBPK | ||
| 041 | 0 | _aeng | |
| 920 | _a0-06-091361-4 | ||
| 942 | _cKS | ||
| 008 | s uk f |000 0 eng | ||
| 999 |
_c48630 _d48630 |
||
| 856 |
_uhttp://koha.tu.koszalin.pl/cgi-bin/koha/opac-detail.pl?biblionumber=48630 _yKatalog online BPK |
||